[Event "Eastern Asia-ch U14 Girls"]
[Site "Tornelo INT"]
[Date "2021.10.24"]
[Round "7"]
[White "Kanishka, S1111"]
[Black "Johari, Atena"]
[Result "1-0"]
[WhiteElo "1062"]
[BlackElo "1519"]
[PlyCount "55"]
[EventDate "2021.10.22"]
[EventType "swiss"]
[EventRounds "9"]
[EventCountry "NET"]
[SourceTitle "EXT 2023"]
[Source "ChessBase"]
[SourceDate "2022.10.05"]
[SourceVersion "1"]
[SourceVersionDate "2022.10.05"]
[SourceQuality "1"]

1. c4 Nf6 2. Nc3 d5 3. cxd5 Nxd5 4. Nf3 Nxc3 5. dxc3 Qxd1+ 6. Kxd1 Bf5 7. Nd4 Bg6 8. g3 Na6 9. Bg2 0-0-0 10. Bd2 e5 11. Nc2 Bc5 12. Rf1 Rd6 13. b4 Bb6 14. Kc1 Rhd8 15. Be3 Bxc2 16. Kxc2 Bxe3 17. fxe3 Rd2+ 18. Kb3 Rxe2 19. Bh3+ Kb8 20. Rxf7 Rxh2 21. Be6 c5 22. Rxg7 Rdd2 23. b5 Rd6 24. Rf1 Rd8 25. Rff7 c4+ 26. Kxc4 Nc5 27. Kxc5 b6+ 28. Kc6 1-0

[Event "Eastern Asia-ch U14 Girls"]
[Site "Tornelo INT"]
[Date "2021.10.22"]
[Round "2"]
[White "Johari, Atena"]
[Black "Kothe, Swarali"]
[Result "1-0"]
[WhiteElo "1519"]
[BlackElo "1059"]
[PlyCount "157"]
[EventDate "2021.10.22"]
[EventType "swiss"]
[EventRounds "9"]
[EventCountry "NET"]
[SourceTitle "EXT 2023"]
[Source "ChessBase"]
[SourceDate "2022.10.05"]
[SourceVersion "1"]
[SourceVersionDate "2022.10.05"]
[SourceQuality "1"]

1. d4 Nf6 2. Bf4 e6 3. Nf3 d5 4. e3 Nbd7 5. Bd3 c5 6. c3 c4 7. Bc2 Nb6 8. Nbd2 Bd6 9. Bg3 0-0 10. Ne5 h6 11. f4 Nbd7 12. Ndf3 Qb6 13. Rb1 Bxe5 14. Nxe5 Nxe5 15. fxe5 Nh7 16. 0-0 Bd7 17. Qh5 Be8 18. Qg4 f5 19. exf6 Nxf6 20. Qh3 Bh5 21. Be5 Be2 22. Rf2 Bd3 23. Bxd3 cxd3 24. Bxf6 Rxf6 25. Rxf6 gxf6 26. Qxh6 Rf8 27. Qg6+ Kh8 28. Qxd3 Rg8 29. Qe2 Qc7 30. Rf1 Qf7 31. Qf3 f5 32. Qh3+ Qh7 33. Qxh7+ Kxh7 34. b3 Rc8 35. Rc1 b5 36. Kf2 a5 37. h3 a4 38. g4 fxg4 39. hxg4 b4 40. c4 dxc4 41. bxc4 Rg8 42. Kf3 Kg6 43. c5 Rc8 44. Rc4 Rf8+ 45. Ke2 Rb8 46. Kd3 b3 47. axb3 axb3 48. Rc1 b2 49. Rb1 Kg5 50. Kc2 Kxg4 51. Rxb2 Rc8 52. Rb6 Kf5 53. Kd3 e5 54. e4+ Kf4 55. Rf6+ Kg5 56. Rf5+ Kg6 57. Rxe5 Kf6 58. Rh5 Ke7 59. Kc4 Ke6 60. d5+ Kf6 61. Rh1 Ke5 62. Re1 Rc7 63. c6 Rc8 64. Kc5 Rd8 65. c7 Rc8 66. Kc6 Kf6 67. Rb1 Ke5 68. Rb8 Rxc7+ 69. Kxc7 Kxe4 70. d6 Ke5 71. d7 Ke4 72. d8Q Ke5 73. Rb6 Ke4 74. Re6+ Kf5 75. Qf6+ Kg4 76. Re4+ Kg3 77. Qf5 Kg2 78. Rg4+ Kh2 79. Qh5# 1-0

[Event "IRI-ch U14 Girls"]
[Site "Chess.com INT"]
[Date "2021.01.16"]
[Round "8"]
[White "Johari, Atena"]
[Black "Mahjoob Zardast, Artemis"]
[Result "0-1"]
[WhiteElo "1438"]
[BlackElo "1421"]
[PlyCount "94"]
[EventDate "2021.01.16"]
[EventType "swiss"]
[EventRounds "9"]
[EventCountry "IRI"]
[SourceTitle "EXT 2022"]
[Source "ChessBase"]
[SourceDate "2021.10.06"]
[SourceVersion "1"]
[SourceVersionDate "2021.10.06"]
[SourceQuality "1"]

1. d4 Nf6 2. c4 e5 3. d5 Bc5 4. e3 0-0 5. Nc3 d6 6. Bd3 c6 7. Qc2 cxd5 8. cxd5 a5 9. Nf3 Na6 10. a3 Bb6 11. 0-0 Nc5 12. b3 Bg4 13. Nd2 Rc8 14. h3 Bh5 15. Bb2 Nxd3 16. Qxd3 Bg6 17. Qe2 Nd7 18. Rac1 Nc5 19. e4 f5 20. b4 axb4 21. axb4 Nd7 22. Nb5 Rxc1 23. Bxc1 Nf6 24. exf5 Bxf5 25. Nf3 h6 26. Nc3 Qc8 27. Bb2 Nh5 28. Nh2 Ng3 29. Qd2 Nxf1 30. Kxf1 Bxh3 31. Ne4 Qc4+ 32. Qe2 Bxg2+ 33. Ke1 Qxe2+ 34. Kxe2 Bxe4 35. f3 Bxd5 36. Bc3 Bxf3+ 37. Nxf3 Rxf3 38. Kxf3 Kf7 39. Ke4 Ke6 40. Be1 d5+ 41. Kf3 e4+ 42. Ke2 Bd4 43. Bd2 h5 44. Bg5 Bf6 45. Be3 d4 46. Bg1 d3+ 47. Kd2 Bg5+ 0-1

[Event "IRI-ch U14 Girls"]
[Site "Chess.com INT"]
[Date "2021.01.16"]
[Round "4"]
[White "Johari, Atena"]
[Black "Osmani, Kiana"]
[Result "0-1"]
[WhiteElo "1438"]
[BlackElo "1081"]
[PlyCount "68"]
[EventDate "2021.01.16"]
[EventType "swiss"]
[EventRounds "9"]
[EventCountry "IRI"]
[SourceTitle "EXT 2022"]
[Source "ChessBase"]
[SourceDate "2021.10.06"]
[SourceVersion "1"]
[SourceVersionDate "2021.10.06"]
[SourceQuality "1"]

1. d4 d5 2. c4 e6 3. cxd5 exd5 4. Nc3 Nf6 5. Bf4 c5 6. e3 Nc6 7. Nf3 c4 8. h3 Bb4 9. Be2 Ne4 10. Qc2 Bf5 11. Qc1 Qa5 12. 0-0 Bxc3 13. bxc3 Nxc3 14. Re1 0-0 15. Nh4 Nxe2+ 16. Rxe2 Bd3 17. Rb2 b5 18. Bd6 Rfe8 19. Nf3 Rad8 20. Bc5 b4 21. a3 c3 22. Rb3 Qa4 23. Rxb4 Nxb4 24. axb4 Qc2 25. Qa3 Qb2 26. Ne1 Bg6 27. Qxa7 h5 28. Bb6 Ra8 29. Qxa8 Rxa8 30. Rxa8+ Kh7 31. Rc8 Qb1 32. Kf1 Bd3+ 33. Kg1 Qxe1+ 34. Kh2 c2 0-1